Statistics for AFCON top 4

Click here to take the quiz!

General Stats

  • This quiz has been taken 32 times
  • The average score is 16 of 21

Answer Stats

TeamWinnersRunners-upThird placeFourth place% Correct
Egypt7 (1957, 1959,
1986, 1998, 2006, 2008, 2010)
3 (1962, 2017, 2021)3 (1963, 1970, 1974)3 (1976, 1980,
1984)
100%
Algeria2 (1990, 2019)1 (1980)2 (1984, 1988)2 (1982, 2010)
96%
Ghana4 (1963, 1965,
1978, 1982)
5 (1968, 1970, 1992, 2010, 2015)1 (2008)4 (1996, 2012,
2013, 2017)
93%
Nigeria3 (1980, 1994, 2013)5 (1984, 1988, 1990, 2000, 2023)8 (1976, 1978, 1992, 2002, 2004, 2006,
2010, 2019)
93%
South Africa1 (1996)1 (1998)2 (2000, 2023)
93%
Cameroon5 (1984, 1988, 2000,
2002, 2017)
2 (1986, 2008)2 (1972, 2021)1 (1992)
89%
Ivory Coast3 (1992, 2015, 2023)2 (2006, 2012)4 (1965, 1968, 1986,
1994)
2 (1970, 2008)
89%
Senegal1 (2021)2 (2002, 2019)3 (1965, 1990,
2006)
89%
Tunisia1 (2004)2 (1965, 1996)1 (1962)3 (1978, 2000,
2019)
89%
Congo1 (1972)1 (1974)
82%
Morocco1 (1976)1 (2004)1 (1980)2 (1986, 1988)
82%
Ethiopia1 (1962)1 (1957)1 (1959)2 (1963, 1968)
71%
Mali1 (1972)2 (2012, 2013)3 (1994, 2002,
2004)
68%
Libya1 (1982)
64%
Zambia1 (2012)2 (1974, 1994)3 (1982, 1990, 1996)
64%
Guinea1 (1976)
61%
Sudan1 (1970)2 (1959, 1963)1 (1957)
57%
Burkina Faso1 (2013)1 (2017)2 (1998, 2021)
50%
DR Congo2 (19682, 19743)2 (1998, 2015)2 (1972, 2023)
50%
Uganda1 (1978)1 (1962)
43%
Equatorial Guinea1 (2015)
29%

Score Distribution

Percentile by Number Answered

Percent of People with Each Score

Your Score History

You have not taken this quiz